| 000 | 00000nam 2200000zi 4500 |
| 001 | 9.929196 |
| 003 | CaOODSP |
| 005 | 20240927090050 |
| 006 | m o d f |
| 007 | cr m|||||||||| |
| 008 | 231020e202309##onca ob f000 0 fre d |
| 020 | |a9780660683874 |
| 040 | |aCaOODSP|bfre|erda|cCaOODSP |
| 043 | |an-cn--- |
| 086 | 1 |aPH4-188/2023F-PDF |
| 245 | 00|aCréation de sens : |bavenirs : changements dans la façon dont nous pensons, agissons et nous nous comportons. |
| 264 | 1|a[Ottawa] : |bGouvernement du Canada = Government of Canada, |cseptembre 2023. |
| 264 | 4|c©2023 |
| 300 | |a1 ressource en ligne (44 pages) : |billustrations |
| 336 | |atext|btxt|2rdacontent |
| 337 | |ainformatique|bc|2rdamedia |
| 338 | |aressource en ligne|bcr|2rdacarrier |
| 500 | |aPublié aussi en anglais sous le titre : Sense-making futures: changes in how we think, act, and behave. |
| 504 | |aComprend des références bibliographiques (pages 40-44). |
| 650 | 6|aComportement dans la recherche de l'information|zCanada. |
| 650 | 6|aDésinformation|xAspect social|zCanada. |
| 710 | 2 |aHorizons de politiques Canada, |eorganisme de publication. |
| 775 | 08|tSense-making futures : |w(CaOODSP)9.929194 |
| 795 | |tL'avenir de la création de sens : |w(CaOODSP)9.900747 |
| 856 | 40|qPDF|s1.65 Mo|uhttps://publications.gc.ca/collections/collection_2024/hpc-phc/PH4-188-2023-fra.pdf |